KOHA-Header-6

The Complete Idot's Guide to Business Management (Record no. 9179)

000 -LEADER
fixed length control field 00285nam a2200109Ia 4500
100 ## - MAIN ENTRY--AUTHOR NAME
Personal name Klopp Brian Tarcy
245 #4 - TITLE STATEMENT
Title The Complete Idot's Guide to Business Management
260 ## - PUBLICATION, DISTRIBUTION, ETC. (IMPRINT)
Place of publication New Delhi
Name of publisher PHI
Year of publication 2003
300 ## - PHYSICAL DESCRIPTION
Number of Pages 892
942 ## - ADDED ENTRY ELEMENTS (KOHA)
Koha item type Books
Holdings
Withdrawn status Lost status Collection code Permanent Location Current Location Shelving location Date acquired Full call number Accession Number Koha item type
    Business MAJU MAJU   2019-09-14 621.3 4600 Business

Powered by Koha